|
|
|
|
| LEADER |
01699nam a2200469 i 4500 |
| 001 |
nkc20193117829 |
| 003 |
CZ PrNK |
| 005 |
20190919161138.0 |
| 007 |
ta |
| 008 |
190715s2019 xr e p 000 0 cze |
| 015 |
|
|
|a cnb003117829
|
| 020 |
|
|
|z 978-80-248-3130-5
|q (brožováno)
|
| 035 |
|
|
|a (OCoLC)1119113259
|
| 040 |
|
|
|a ABA001
|b cze
|e rda
|
| 041 |
0 |
|
|a cze
|b eng
|
| 072 |
|
7 |
|a 657
|x Účetnictví
|2 Konspekt
|9 4
|
| 072 |
|
7 |
|a 37.016
|x Učební osnovy. Vyučovací předměty. Učebnice
|2 Konspekt
|9 22
|
| 080 |
|
|
|a 657:005
|2 MRF
|
| 080 |
|
|
|a (075.8)
|2 MRF
|
| 100 |
1 |
|
|a Palochová, Marcela,
|d 1968-
|7 mzk2004257492
|4 aut
|
| 245 |
1 |
0 |
|a Manažerské účetnictví :
|b praktikum /
|c Marcela Palochová
|
| 250 |
|
|
|a 2. přepracováné vydání
|
| 264 |
|
1 |
|a Ostrava :
|b VŠB - Technická univerzita Ostrava,
|c 2019
|
| 300 |
|
|
|a 56 stran ;
|c 30 cm
|
| 336 |
|
|
|a text
|b txt
|2 rdacontent
|
| 337 |
|
|
|a bez média
|b n
|2 rdamedia
|
| 338 |
|
|
|a svazek
|b nc
|2 rdacarrier
|
| 500 |
|
|
|a 250 výtisků
|
| 504 |
|
|
|a Obsahuje bibliografii
|
| 521 |
8 |
|
|a Určeno pro posluchače: Ekonomické fakulty
|
| 546 |
|
|
|a Anglické resumé
|
| 650 |
0 |
7 |
|a manažerské účetnictví
|7 ph115220
|2 czenas
|
| 650 |
0 |
9 |
|a managerial accounting
|2 eczenas
|
| 655 |
|
7 |
|a učebnice vysokých škol
|7 fd133772
|2 czenas
|
| 655 |
|
9 |
|a textbooks (higher)
|2 eczenas
|
| 710 |
2 |
|
|a Vysoká škola báňská - Technická univerzita Ostrava
|7 kn20010709483
|4 isb
|
| 910 |
2 |
|
|a BOA001
|b 4-1430.780
|
| 928 |
9 |
|
|a Vysoká škola báňská - Technická univerzita Ostrava
|
| 990 |
|
|
|a BK
|
| 995 |
|
|
|a 01
|
| 991 |
|
|
|b 201909
|c NOV
|
| 996 |
6 |
|
|b 2610790016
|c 4-1430.780
|l MZK
|r Sklad / do 1 hodiny
|n 0
|p p.v.
|w 001744423
|u 000010
|a 1
|e BOA001
|j MZK50
|s P
|